Thực tập và bài tập địa chất công trình
Sách gồm có 3 phần cung cấp các kiến thức địa chất cần thiết cho kỹ sư xây dựng cũng như cũng như các kiến thức cơ bản để học tiếp các môn học cơ học đất, cơ học đá, kỹ thuật nền móng......
Wedi'i Gadw mewn:
| Prif Awdur: | |
|---|---|
| Fformat: | Llyfr |
| Iaith: | Undetermined |
| Cyhoeddwyd: |
Hà Nội
Xây dựng
2007
|
| Pynciau: | |
| Tagiau: |
Ychwanegu Tag
Dim Tagiau, Byddwch y cyntaf i dagio'r cofnod hwn!
|
| Thư viện lưu trữ: | Trung tâm Học liệu Trường Đại học Cần Thơ |
|---|
| LEADER | 00936nam a2200217Ia 4500 | ||
|---|---|---|---|
| 001 | CTU_132116 | ||
| 008 | 210402s9999 xx 000 0 und d | ||
| 020 | |c 68000 | ||
| 082 | |a 624.151076 | ||
| 082 | |b U603 | ||
| 100 | |a Nguyễn, Uyên | ||
| 245 | 0 | |a Thực tập và bài tập địa chất công trình | |
| 245 | 0 | |c Nguyễn Uyên | |
| 260 | |a Hà Nội | ||
| 260 | |b Xây dựng | ||
| 260 | |c 2007 | ||
| 520 | |a Sách gồm có 3 phần cung cấp các kiến thức địa chất cần thiết cho kỹ sư xây dựng cũng như cũng như các kiến thức cơ bản để học tiếp các môn học cơ học đất, cơ học đá, kỹ thuật nền móng... | ||
| 650 | |a Geology,Soil mechanics,Địa chất học | ||
| 650 | |x Engineering geology | ||
| 904 | |i Trọng Hải | ||
| 980 | |a Trung tâm Học liệu Trường Đại học Cần Thơ | ||